000 00397nam a22001577a 4500
003 OSt
008 220613b ||||| |||| 00| 0 eng d
020 _a978-9354249235
082 _a621.38 MAW
100 _aMAINI, Anil K.
245 _aWiley Acing the GATE: Electronics and Communication Engineering
250 _a2nd
260 _aNew Delhi
_bWiley
_c2022
300 _a1457
942 _2ddc
_cBK
999 _c11353
_d11353